Сборник вопросов и задач по общей физике: учебное пособие

Détails bibliographiques
Auteur principal: Савельев И. В. Игорь Владимирович
Langue:russe
Publié: Москва, Наука, 1988
Sujets:
Format: Livre
KOHA link:https://koha.lib.tpu.ru/cgi-bin/koha/opac-detail.pl?biblionumber=33062

MARC

LEADER 00000nam0a2200000 4500
001 33062
005 20231101210134.0
010 |a 5020138517 
035 |a (RuTPU)RU\TPU\book\33379 
035 |a BOOK00000030 
090 |a 33062 
100 |a 20011210d1988 m y0rusy50 ca 
101 0 |a rus 
102 |a RU 
105 |a y j 000zy 
200 1 |a Сборник вопросов и задач по общей физике  |e учебное пособие  |f И. В. Савельев 
210 |a Москва  |c Наука  |d 1988 
215 |a 288 с. 
451 1 |0 (RuTPU)RU\TPU\book\50113  |y 5-17-009966-5  |t Сборник вопросов и задач по общей физике  |o учебное пособие  |f И. В. Савельев  |c Москва  |n АСТ  |n Астрель  |d 2001  |p 318 с.  |a Савельев, Игорь Владимирович 
451 1 |0 (RuTPU)RU\TPU\book\33380  |y 5-271-01223-9  |t Сборник вопросов и задач по общей физике  |o учебное пособие  |f И. В. Савельев  |c Москва  |n Наука  |d 1982  |p 271 с.  |a Савельев, Игорь Владимирович 
606 1 |a Физика  |2 stltpush  |3 (RuTPU)RU\TPU\subj\63709  |9 80688 
610 1 |a вопросы 
610 1 |a задачи 
610 1 |a учебные пособия 
675 |a 53(075.8)  |v 3 
700 1 |a Савельев  |b И. В.  |g Игорь Владимирович 
801 0 |a RU  |b 63413507  |c 20011210  |g PSBO 
801 2 |a RU  |b 63413507  |c 20230228  |g PSBO 
900 |a Физика 
942 |c BK